Villes de Drôme-Ardèche - Carte Quiz - Statistiques

Statistiques générales
  • Ce quiz a été pris 374 fois
  • Le résultat moyen est 10 sur 20
Réponses sur la Carte
Les réponses sont colorées sur une échelle allant du rouge au vert en fonction du pourcentage des utilisateurs qui les ont devinées à leur premier essai. Vous pouvez retrouver ces pourcentages ci-dessous.
 
Statistiques - réponses
Réponse % Correct
Valence
72%
Annonay
71%
Montélimar
71%
Romans-sur-Isère
63%
Privas
62%
Tournon-sur-Rhône
59%
Aubenas
56%
La Voulte-sur-Rhône
54%
Vallon-Pont-d'Arc
52%
Die
50%
Crest
48%
Le Cheylard
48%
Nyons
47%
Saint-Vallier
44%
Saint-Paul-Trois-Châteaux
43%
Bourg-Saint-Andéol
42%
Les Vans
42%
Lamastre
37%
Dieulefit
36%
Grignan
35%
Aucun quiz correspondant
Distribution des résultats
% des personnes avec chaque résultat
Percentile par nombre de réponses
Votre historique - résultats
Vous n’avez pas pris ce quiz